000 00344nam a22001457a 4500
008 210311b ||||| |||| 00| 0 eng d
020 _a9780435088637
041 _aeng
080 _a371
082 _a371
100 _a46
101 _aEDU
245 _aGuided Reading Good First Teaching for All Children
_cGiacobbe,M.E
942 _2udc
_cBK
999 _c56300
_d56300